000 00888nam a2200253Ia 4500
003 OSt
005 20221005113308.0
006 a|||||r|||| 00| 0
007 ta
008 221004b |||||||| |||| 00| 0 pan d
020 _a8130202999 (hbk)
_c350
024 _a17541
037 _b919, 20/03/2015, H.K. Prakashan
_cTextual
040 _aCRL
_cCRL
_bpan
041 _2pan
_apan
082 _aP153, 153Q1
100 _aਅਮਰਜੀਤ ਕੌਰ
245 0 _aਪੰਜਾਬੀ ਭਾFਾ ਵਿਕਾਸ ਦੇ ਬਦਲਦੇ ਪਰਿਪੇਖ
260 _aਪਟਿਆਲਾ
_bਪੰਜਾਬੀ ਯੂਨੀਵਰਸਿਟੀ ਭਾਰਤ
_c2011
300 _a403ਪੰ
_ccm.
650 _aਪੰਜਾਬੀ ਭਾFਾ
942 _hP153, 153Q1
_cTEXL
_2cc
999 _c1027700
_d1027700